000 00377nam a2200169Ia 4500
003 IT-RoPAU
005 20220918175308.0
008 120407s9999 xx 000 0 und d
040 _aIT-RoPAU
040 _cIT-RoPAU
100 _aGuido Zerilli-Marimò
_936447
245 _aLa "voce della Francia"
260 _aDe Luca
300 _c cm
490 _v1
942 _cBK
_2ddc
999 _c2349
_d2349